Every Grand Theft Auto Protagonist - Statistics

General Stats
  • This quiz has been taken 145 times
  • The average score is 9 of 17
Answer Stats
GTA Game Protagonists Name % Correct
Grand Theft Auto: San Andreas Carl Johnson
88%
Grand Theft Auto IV Niko Bellic
87%
Grand Theft Auto III Claude
81%
Grand Theft Auto V Michael De Santa
81%
Grand Theft Auto V Franklin Clinton
80%
Grand Theft Auto: Vice City Tommy Vercetti
80%
Grand Theft Auto V Trevor Philips
78%
Grand Theft Auto: The Lost and the Damned Johnny Klebitz
61%
Grand Theft Auto: Vice City Stories Victor Vance
61%
Grand Theft Auto: The Ballad of Gay Tony Luis Lopez
52%
Grand Theft Auto: Liberty City Stories Toni Cipriani
52%
Grand Theft Auto 2 Claude Speed
39%
Grand Theft Auto Advance Mike
39%
Grand Theft Auto: Chinatown Wars Huang Lee
38%
Grand Theft Auto: London Expansion GTA London Protagonists
1%
Grand Theft Auto Multiple Protagonists
1%
Grand Theft Auto 2 Gameboy Version Grand Theft Auto 2 Protagonists
0%
No matching quizzes found
Score Distribution
Percent of People with Each Score
Percentile by Number Answered
Your Score History
You have not taken this quiz